Las costas de la Península hispánica y sus movimientos / (Record no. 79403)

MARC details
000 -LEADER
campo de control de longitud fija 00758nam a2200193 i 4500
001 - NÚMERO DE CONTROL
campo de control 79403
003 - IDENTIFICADOR DE NÚMERO DE CONTROL
campo de control ES-MaACL
005 - FECHA Y HORA DE LA ÚLTIMA TRANSACCIÓN
campo de control 20250728063124.0
007 - CAMPO FIJO DE DESCRIPCIÓN FÍSICA--INFORMACIÓN GENERAL
campo de control de longitud fija t|
008 - DATOS DE LONGITUD FIJA--INFORMACIÓN GENERAL
campo de control de longitud fija 041021q1932 sp f |||| | spa d
100 1# - ENTRADA PRINCIPAL--NOMBRE DE PERSONA
Nombre de persona Hernández-Pacheco, Eduardo,
Fechas asociadas al nombre 1872-1965
9 (RLIN) 63012
245 14 - MENCIÓN DEL TÍTULO
Título Las costas de la Península hispánica y sus movimientos /
Mención de responsabilidad, etc. por Eduardo Hernández Pacheco.
260 ## - PUBLICACIÓN, DISTRIBUCIÓN, ETC.
Lugar de publicación, distribución, etc. Madrid :
Nombre del editor, distribuidor, etc. [s.n.,
Fecha de publicación, distribución, etc. 1932?] (
Fabricante Huelves y Cía.)
300 ## - DESCRIPCIÓN FÍSICA
Extensión 16 h., 7 lám. ;
Dimensiones 24 cm.
500 ## - NOTA GENERAL
Nota general Tirada aparte de la Asociación Española para el Progreso de las Ciencias, p. 89-120.
650 #4 - PUNTO DE ACCESO ADICIONAL DE MATERIA--TÉRMINO DE MATERIA
Término de materia o nombre geográfico como elemento de entrada Costas-
Subdivisión geográfica España.
9 (RLIN) 159339
852 ## - LOCALIZACIÓN
Ubicación ES-MaACL
Número de control de estantería 1761-F-25
Nota libre .- Donat. de Eduardo Hernández-Pacheco, en anotación manuscrita
Holdings
Estatus retirado Estado de pérdida Estado de daño No para préstamo Colección Biblioteca de origen Biblioteca actual Ubicación en estantería Fecha de adquisición Fuente de adquisición Total de préstamos Signatura topográfica completa Código de barras Visto por última vez Precio de reemplazo Tipo de ítem Koha
        Colección de folletos Biblioteca del Ateneo de Madrid Biblioteca del Ateneo de Madrid Depósito folletos 17/01/2008     1761-F-25 1083034 23/02/2023 23/02/2023 Folleto